Sustainable Communities Act 2007 (Record no. 107632)

MARC details
000 -LEADER
fixed length control field 01508cad a22002535a 4500
001 - CONTROL NUMBER
control field L141344
008 - FIXED-LENGTH DATA ELEMENTS--GENERAL INFORMATION
fixed length control field 071116s2007 xxk f f000 0 eng d
035 ## - SYSTEM CONTROL NUMBER
System control number (Sirsi) u141344
041 0# - LANGUAGE CODE
Language code of text/sound track or separate title eng
050 04 - LIBRARY OF CONGRESS CALL NUMBER
Classification number 711.1 $2 18
110 1# - MAIN ENTRY--CORPORATE NAME
Corporate name or jurisdiction name as entry element United Kingdom
Form subheading Laws, etc
9 (RLIN) 5044
245 00 - TITLE STATEMENT
Title Sustainable Communities Act 2007
Remainder of title 2007 chapter 23
Medium [electronic resource]
260 ## - PUBLICATION, DISTRIBUTION, ETC.
Place of publication, distribution, etc. London
Name of publisher, distributor, etc. OPSI
Date of publication, distribution, etc. 2007
505 2# - FORMATTED CONTENTS NOTE
Formatted contents note Sustainability of local communities -- Proposals by local authorities -- Decision on short-list -- Action plans -- Proposals: regulations -- Local spending reports -- Sustainable community strategy -- Interpretation -- Expenses -- Short title, commencement and extent
520 ## - SUMMARY, ETC.
Summary, etc. Makes provision to promote the sustainability of local communities. Covers the circumstances for local authorities to make proposals, and the consideration to be given to them by the Secretary of State. Covers the publishing of action plans and proposals for regulations, the arranging of local spending reports by the Secretary of State, and the sustainable community strategy.
590 ## - LOCAL NOTE (RLIN)
Local note KA
650 24 - SUBJECT ADDED ENTRY--TOPICAL TERM
Topical term or geographic name entry element SUSTAINABLE COMMUNITIES ACT 2007
650 24 - SUBJECT ADDED ENTRY--TOPICAL TERM
Topical term or geographic name entry element PLANNING AND COMPULSORY PURCHASE ACT 2004
650 24 - SUBJECT ADDED ENTRY--TOPICAL TERM
Topical term or geographic name entry element LOCAL GOVERNMENT ACT 2000
651 #4 - SUBJECT ADDED ENTRY--GEOGRAPHIC NAME
Geographic name England and Wales
Chronological subdivision 1543-
690 ## - LOCAL SUBJECT ADDED ENTRY--TOPICAL TERM (OCLC, RLIN)
Topical term or geographic name as entry element ENVIRONMENTAL AND LAND CONSULTANCY-PLANNING AND DEVELOPMENT-STRATEGIC PLANNING
856 40 - ELECTRONIC LOCATION AND ACCESS
Uniform Resource Identifier <a href="https://www.opsi.gov.uk/acts/acts2007/ukpga_20070023_en_1">https://www.opsi.gov.uk/acts/acts2007/ukpga_20070023_en_1</a>
Public note View the Act free of charge at www.opsi.gov.uk...
942 ## - ADDED ENTRY ELEMENTS (KOHA)
Suppress in OPAC 0
Holdings
Withdrawn status Lost status Source of classification or shelving scheme Damaged status Not for loan Home library Current library Shelving location Date acquired Total Checkouts Full call number Barcode Date last seen Copy number Price effective from Koha item type
    Dewey Decimal Classification     Virtual Virtual Online 16/11/2007   ONLINE PUBLICATION 141344-2001 06/08/2019 1 06/08/2019 Book